STN EN ISO 9004 01 0320 Manažérstvo trvalého úspechu organizácie. Prístup na základe manažérstva kvality (ISO 9004: 2009)

Gespeichert in:
Bibliographische Detailangaben
Format: Buch
Sprache:Slowakisch
Englisch
Veröffentlicht: Bratislava Slovenský ústav technickej normalizácie 2010
Schlagworte:
Tags: Tag hinzufügen
Keine Tags, Fügen Sie das erste Tag hinzu!

MARC

LEADER 00000nam a2200000 4500
001 0122087
005 20240104121538.7
041 0 |a slo 
041 0 |a eng 
044 |a SK 
245 1 0 |a STN EN ISO 9004 01 0320 Manažérstvo trvalého úspechu organizácie. Prístup na základe manažérstva kvality (ISO 9004: 2009) 
264 1 |a Bratislava  |b Slovenský ústav technickej normalizácie  |c 2010 
300 |a 72 s. 
500 |a Táto norma nahrádza STN EN ISO 9004 z apríla 2001 v celom rozsahu 
500 |a Norma je slovenskou verziou európskej normy ISO 9004: 2009 
610 2 0 |a normy 
610 2 0 |a normy ISO 
610 2 0 |a stratégia podnikateľská 
610 2 0 |a politika podnikania 
610 2 0 |a zdroje finančné 
610 2 0 |a zamestnanci 
610 2 0 |a dodávatelia 
610 2 0 |a infraštruktúra 
610 2 0 |a prostredie pracovné 
610 2 0 |a technológie nové 
610 2 0 |a zdroje prírodné 
610 2 0 |a plánovanie 
610 2 0 |a kontrola 
610 2 0 |a meranie 
610 2 0 |a analýzy 
610 2 0 |a inovácia